000 01231nam a2200277 i 4500
001 23074
003 ES-MaACL
005 20250825050720.0
007 t|
008 021209s1941 sp ||||1| spa d
100 1 _aAlvarado, Salustio.
_920597
245 1 0 _aSíntesis de la enseñanza media /
_cpor Salustio Alvarado.
250 _a[1ª ed.].
260 _aMadrid :
_b[s.n.,
_c1941] (
_fGráfica Administrativa)
300 _a2 v. :
_bil. ;
_c23 cm.
505 8 _aContiene: T. I: Física y Química / por Miguel A. Catalán. Ciencias naturales / por Salustio Alvarado. Lengua y Literatura / por Gonzalo Menéndez Pidal. -- T. II: Filosofía / por Vicente Feliu Egidio. Geografía / por María Comas. Historia / por Rafael Ballester Castell y Rafael Ballester Escalas. Matématicas / por Diego Montáñez
700 1 _aBallester Castell, Rafael.
_925011
700 1 _aCatalán, Miguel A.,
_d1894-1957
_937026
700 1 _aMenéndez Pidal, Gonzalo,
_d1911-2008
_980312
700 1 _aFeliu Egidio, Vicente.
_949200
700 1 _aComas, María.
_939939
700 1 _aBallester Escalas, R.
_925014
700 1 _aMontáñez, Diego.
_982400
852 _aES-MaACL
_jE-1755-56
_bR.22567
999 _c23074
_d23074